Aspirantes a una institución de educación superior (Registro nro. 22805)
[ vista simple ]
| 000 -LEADER | |
|---|---|
| fixed length control field | 00541 a2200181 4500 |
| 001 - CONTROL NUMBER | |
| control field | ART_6685 |
| 005 - DATE AND TIME OF LATEST TRANSACTION | |
| control field | 20260410161826.0 |
| 008 - FIXED-LENGTH DATA ELEMENTS--GENERAL INFORMATION | |
| fixed length control field | 260409a |
| 100 1# - MAIN ENTRY--PERSONAL NAME | |
| Personal name | Mallo, Paulino E. |
| 245 10 - TITLE STATEMENT | |
| Title | Aspirantes a una institución de educación superior |
| 700 1# - ADDED ENTRY--PERSONAL NAME | |
| Personal name | Artola, María A. |
| 700 1# - ADDED ENTRY--PERSONAL NAME | |
| Personal name | Zanfrillo, Alicia I. |
| 700 1# - ADDED ENTRY--PERSONAL NAME | |
| Personal name | Morettini, Mariano |
| 700 1# - ADDED ENTRY--PERSONAL NAME | |
| Personal name | Galante, Marcelo J. |
| 700 1# - ADDED ENTRY--PERSONAL NAME | |
| Personal name | Pascual, Mariano E. |
| 700 1# - ADDED ENTRY--PERSONAL NAME | |
| Personal name | Busetto, Adrián R. |
| 773 0# - HOST ITEM ENTRY | |
| Title | FACES |
| Related parts | - Año 12, Nº 26 (may./ago.2006) |
| Record control number | REV5046 |
No hay ítems disponibles.